[Event "IND-chT 40th"]
[Site "Ahmedabad"]
[Date "2020.02.10"]
[Round "5.6"]
[White "Ramnathan, Balasubramaniam"]
[Black "Aditya, Kumawat"]
[Result "1-0"]
[WhiteElo "2200"]
[BlackElo "1552"]
[PlyCount "51"]
[EventDate "2020.02.07"]
[EventType "team-swiss"]
[EventRounds "9"]
[EventCountry "IND"]
[SourceTitle "CBM 194 Extra"]
[Source "ChessBase"]
[SourceDate "2020.03.31"]
[SourceVersion "1"]
[SourceVersionDate "2020.03.31"]
[SourceQuality "1"]
[WhiteTeam "Tamil Nadu"]
[BlackTeam "All Rajputana III"]
[WhiteTeamCountry "IND"]
[BlackTeamCountry "IND"]

1. Nf3 Nf6 2. b3 g6 3. Bb2 Bg7 4. g3 0-0 5. Bg2 c6 6. 0-0 d6 7. d4 Nbd7 8. c4 e6 9. Nc3 e5 10. Qc2 Qe7 11. e4 a6 12. Rad1 c5 13. dxe5 Nxe5 14. Nxe5 dxe5 15. h3 b6 16. f4 Bb7 17. fxe5 Nd7 18. Nd5 Bxd5 19. exd5 Nxe5 20. d6 Qg5 21. Bxa8 Rxa8 22. Kg2 Qd8 23. Qe4 f6 24. Bxe5 fxe5 25. Qd5+ Kh8 26. d7 1-0

[Event "IND-chT 40th"]
[Site "Ahmedabad"]
[Date "2020.02.07"]
[Round "1.1"]
[White "Sengupta, Deep"]
[Black "Aditya, Kumawat"]
[Result "1-0"]
[WhiteElo "2534"]
[BlackElo "1552"]
[PlyCount "75"]
[EventDate "2020.02.07"]
[EventType "team-swiss"]
[EventRounds "9"]
[EventCountry "IND"]
[SourceTitle "CBM 194 Extra"]
[Source "ChessBase"]
[SourceDate "2020.03.31"]
[SourceVersion "1"]
[SourceVersionDate "2020.03.31"]
[SourceQuality "1"]
[WhiteTeam "Petroleum Sports"]
[BlackTeam "All Rajputana III"]
[WhiteTeamCountry "IND"]
[BlackTeamCountry "IND"]

1. c4 Nf6 2. Nc3 Nc6 3. Nf3 e6 4. d4 Bb4 5. Bd2 0-0 6. e3 d6 7. a3 Bxc3 8. Bxc3 Ne4 9. Qc2 Nxc3 10. Qxc3 a5 11. Be2 Qe7 12. 0-0 e5 13. d5 Nb8 14. b4 Bg4 15. Kh1 Nd7 16. Ng1 f5 17. f3 Bh5 18. f4 Bxe2 19. Nxe2 g6 20. Ng1 Nf6 21. Nf3 Ne4 22. Qb3 b6 23. fxe5 dxe5 24. Rac1 Kg7 25. Kg1 h6 26. Rfd1 Rfe8 27. Nd2 axb4 28. axb4 Qh4 29. Nxe4 Qxe4 30. c5 b5 31. d6 cxd6 32. cxd6 Red8 33. Rc7+ Kf6 34. d7 Ke7 35. Rc5 Ra7 36. Qc3 Raxd7 37. Rxe5+ Kf8 38. Rxd7 1-0

[Event "Madurai Athens of the East op-C 1st"]
[Site "Madurai"]
[Date "2019.08.16"]
[Round "8"]
[White "Jaivant, R."]
[Black "Aditya, Kumawat"]
[Result "1/2-1/2"]
[WhiteElo "1326"]
[BlackElo "1483"]
[PlyCount "45"]
[EventDate "2019.08.14"]
[EventType "swiss"]
[EventRounds "10"]
[EventCountry "IND"]
[SourceTitle "EXT 2022"]
[Source "ChessBase"]
[SourceDate "2021.10.06"]
[SourceVersion "1"]
[SourceVersionDate "2021.10.06"]
[SourceQuality "1"]

1. e4 e5 2. Nf3 Nc6 3. Bb5 a6 4. Ba4 Nf6 5. 0-0 b5 6. Bb3 Bc5 7. Bd5 0-0 8. Nxe5 Nxd5 9. exd5 Bxf2+ 10. Rxf2 Nxe5 11. d4 Ng6 12. Bd2 Bb7 13. Qh5 Qh4 14. Qxh4 Nxh4 15. Nc3 Rae8 16. b4 d6 17. a3 Ng6 18. a4 bxa4 19. Rxa4 Re7 20. h3 f6 21. Ra5 Rfe8 22. Rf1 Nf8 23. Rb1 1/2-1/2